Omofobia

Gardado en:
Detalles Bibliográficos
Autor Principal: Pedote Paolo
Formato: Libro
Idioma:lingua descoñecida ou non válida
Publicado: Viterbo Stampa Alternativa 2003
Tags: Engadir etiqueta
Sen Etiquetas, Sexa o primeiro en etiquetar este rexistro!

MARC

LEADER 00000nam a2200000Ia 4500
001 43
003 NUMERAZIONE-ORIGINALE-BRESCIA
005 20260206230747.0
008 260206s9999 xx 000 0 und d
100 |a Pedote Paolo 
245 0 |a Omofobia 
260 |a Viterbo 
260 |b Stampa Alternativa 
260 |c 2003 
500 |a Eretica 
500 |a Il pregiudizio anti-omosess. dalla Bibbia a oggi 
942 |2 ddc  |c BK  |n 0 
952 |0 0  |1 0  |2 ddc  |4 0  |6 25  |7 0  |9 28225  |a BS  |b BS  |d 2026-02-06  |i 43  |l 0  |o 2-5-*  |r 2026-02-06 22:40:31  |w 2026-02-06  |x [REVISIONARE]  |y BK 
999 |c 23925  |d 23925